Statistiques concernant Culture Générale - Série 425

Cliquez ici pour prendre le quiz!

Statistiques générales

  • Ce quiz a été pris 553 fois
  • Le résultat moyen est 8 sur 10

Statistiques - réponses

QuestionRéponse% Correct
Quel est le mois de l'année où les amoureux fêtent la Saint-Valentin ?Février
100%
Quelle est la capitale du Brésil ?Brasilia
96%
Comment appelle-t-on l'alphabet conventionnel en relief à l'usage des non-voyants ?Le braille
94%
Dans quelle ville italienne se trouve la villa Médicis qui abrite l'Académie de France ?Rome
87%
Quel élément chimique est représenté par le symbole "Ca" ?Le calcium
86%
En 1961, le premier homme à effectuer un vol spatial était Youri...Gagarine
85%
En 1982, quel groupe de rock a chanté le héros de BD Bob Morane dans le tube "L'Aventurier" ?Indochine
82%
Quelle pâtisserie au chocolat doit son nom à un massif montagneux allemand ?La forêt-noire
76%
Dans la chanson "Alexandrie, Alexandra", Claude François a "plus d'appétit qu'un...Barracuda
72%
Une des pièces de théâtre de Samuel Beckett est "En attendant...Godot
53%

Distribution des résultats

Percentile par nombre de réponses

% des personnes avec chaque résultat

Votre développement - résultats

Vous n’avez pas pris ce quiz